| 000 | 00553nam a2200169Ia 4500 | ||
|---|---|---|---|
| 008 | 140910s9999 xx 000 0 und d | ||
| 020 | _a9789810165697 | ||
| 050 |
_aQA 135.5 _b.K45m1a 2013 |
||
| 100 | _aKheong, Dr. Fong Ho. | ||
| 245 |
_aMy pals are here! : _bmaths 1A / _cDr. Fong Ho Keong, Chelvi Ramakrishnan. |
||
| 250 | _a2nd ed. | ||
| 260 |
_aMalaysia : _bMarshall Cavendish Education, _cc2013. |
||
| 300 |
_a274 pages : _bcolored, illustration ; _c30 cm. |
||
| 504 | _aIncludes appendices | ||
| 650 |
_aMathematics _xStudy guide. |
||
| 942 | _cBK | ||
| 999 |
_c275464 _d275464 |
||